O endividamento dos Estados-membros em face da União : (Record no. 94)

MARC details
000 -LÍDER
Campo Fixo de Controle 00858cam a2200241 a 4500
001 - NÚMERO DE CONTROLE
Campo de Controle 94
003 - IDENTIFICAÇÃO DO NÚMERO DE CONTROLE
Campo de Controle BR-CuiBMT
005 - DATA E HORA DA ÚLTIMA ATUALIZAÇÃO
Campo de Controle 20231113230205.0
008 - DADOS FIXOS
Dados Fixos 230811s2021 mgba 000 0 por d
020 ## - INTERNATIONAL STANDARD BOOK NUMBER
Nº do ISBN 9786555181999
040 ## - AGÊNCIA CATALOGADORA
Código da Agência Catalogadora BR-CuiBMT
Agência que transcreveu o registro BR-CuiBMT
080 ## - Nº DA CLASSIFICAÇÃO DECIMAL UNIVERSAL
Nº edição CDU 2007
Nº Class. CDU 336.27
090 ## - NÚMERO DE CHAMADA
Nº classificação 336.27
Cutter M386e
100 1# - ENTRADA PRINCIPAL -- AUTOR PESSOAL
Nome pessoal Martins, Andrea Siqueira
245 12 - TÍTULO PRINCIPAL
Título principal O endividamento dos Estados-membros em face da União :
Subtítulo uma distorção grave e suas consequências para o federalismo fiscal brasileiro /
Indicação de responsabilidade Andrea Siqueira Martins ; prefácio Gustavo da Gama Vital de Oliveira.
260 ## - PUBLICAÇÃO, DISTRIBUIÇÃO, ETC.
Local de publicação Belo Horizonte :
Editora Fórum,
Data 2021.
300 ## - DESCRIÇÃO FÍSICA
N. páginas ou volumes 346 p. :
Ilustrações il. ;
Dimensões 22 cm
504 ## - NOTA DE BIBLIOGRAFIA, ETC.
Nota de bibliografia Inclui bibliografia.
650 ## - ASSUNTO TÓPICO
Cabeçalho tópico ou nome geográfico Dívida pública estadual
Subdivisão geográfica Brasil
650 ## - ASSUNTO TÓPICO
Cabeçalho tópico ou nome geográfico Finanças públicas
Subdivisão geral Estados brasileiros
650 ## - ASSUNTO TÓPICO
Cabeçalho tópico ou nome geográfico Endividamento público
942 ## - ELEMENTOS DE ENTRADA ADICIONAIS (KOHA)
Fonte de classificação ou esquema de arquivamento Classificação Decimal Universal
Tipo de item do Koha Livros
Holdings
Estado: removido Estado: perdido Fonte de classificação ou esquema de arquivamento Estado: danificado Indisponível para empréstimo Localização permanente Localização atual Data de aquisição Total Checkouts Número de Chamada completo Código de barras Date last seen Número do exemplar Preço efetivo a partir de Tipo de item (Koha)
    Classificação Decimal Universal     Biblioteca da Escola Superior de Contas do TCE/MT Biblioteca da Escola Superior de Contas do TCE/MT 28/07/2023   336.27 M386e BIBTCEMT23080070 11/08/2023 Ex. 1 11/08/2023 Livros

Powered by Koha